01009cam a22002898i 450000100090000000300050000900500170001400800410003101000170007202000310008904000230012004200080014305000270015108200160017810000210019424502050021525000170042026000500043726300090048730000250049650000510052165000570057265000290062965000260065865000160068470000190070017962870PILC20151105092920.0131204s2014 enk b 001 0 eng  a 2013048195 a9781849054980 (alk. paper) aDLCbengcDLCerda apcc00aRC 553.A88b.A799 201400a616.85/88321 aAston, Maxine C.14aThe other half of Asperger syndrome (autism spectrum disorder) :ba guide to living in an intimate relationship with a partner who is on the autism spectrum /cMaxine Aston ; foreword by Tony Attwood. a2nd edition. aLondon :bJessica Kingsley Publishers,c2014. a1403 a136 pages ;c22 cm. aIncludes bibliographical references and index. 0aAsperger's syndromexPatientsxFamily relationships. 0aInterpersonal relations. 0aIntimacy (Psychology) 0aFriendship.1 aAttwood, Tony.